Holz- und Blechblasinstrumente: Kopien und Nachbauten
| Titel: | Holz- und Blechblasinstrumente: Kopien und Nachbauten : Musikinstrumenten-Messe der Stadt Herne ; Instrumente in- und ausländischer Werkstätten, Bücher, Noten, Schallplatten, vom 11. bis 13. November 2005 ; Grenzgänge in der Musik vom Mittelalter bis zum 21. Jahrhundert ; Konzertreihe des Westdeutschen Rundfunks Köln vom 9. bis 13. November 2005 im Kulturzentrum in der Akademie Mont-Cenis in den Flottmann-Hallen und in der Kreuzkirche ; Kulturpolitisches Forum WDR 3 ; Alte und Neue Ufer in der Neuen und Alten Musik im Westfälischen Museum für Archäologie ; 30. Tage Alter Musik in Herne / [Herausgeber: Stadt Herne - Fachbereich Kultur, Der Oberbürgermeister, Red. Fachbereich Kultur. Red. der wissenschaftlichen Beiträge: Prof. Dr. Christian Ahrens] |
|---|---|
| Beteiligt: | |
| Körperschaft: |
|
| Veröffentlicht: | Köln : WDR, [ca. 2006] |
| Umfang: | 94 Seiten : Illustrationen |
| Format: | Buch |
| Sprache: | Deutsch |
| ISBN: | 3980700860 |
| Lokale Klassifikation: | 1 9 H |
|---|
alg: 17874738 001A $03004:13-06-06 001B $01999:29-04-24 $t16:47:24.000 001D $03004:13-06-06 001U $0utf8 001X $00 002@ $0Aau 002C $aText $btxt $2rdacontent 002C $aunbewegtes Bild $bsti $2rdacontent 002D $aohne Hilfsmittel zu benutzen $bn $2rdamedia 002E $aBand $bnc $2rdacarrier 003@ $0178747386 003O $0179931251 $aOCoLC 004A $03-9807008-6-0 007A $0178747386 $aHEB 010@ $ager 011@ $a2006 $n[ca. 2006] 013D $RWissenschaftliche Literatur $RAufsatzsammlung $71071861417 $8Konferenzschrift [Ts1] $9359646190 $y2005 $zHerne 021A $aHolz- und Blechblasinstrumente: Kopien und Nachbauten $dMusikinstrumenten-Messe der Stadt Herne ; Instrumente in- und ausländischer Werkstätten, Bücher, Noten, Schallplatten, vom 11. bis 13. November 2005 ; Grenzgänge in der Musik vom Mittelalter bis zum 21. Jahrhundert ; Konzertreihe des Westdeutschen Rundfunks Köln vom 9. bis 13. November 2005 im Kulturzentrum in der Akademie Mont-Cenis in den Flottmann-Hallen und in der Kreuzkirche ; Kulturpolitisches Forum WDR 3 ; Alte und Neue Ufer in der Neuen und Alten Musik im Westfälischen Museum für Archäologie ; 30. Tage Alter Musik in Herne $h[Herausgeber: Stadt Herne - Fachbereich Kultur, Der Oberbürgermeister, Red. Fachbereich Kultur. Red. der wissenschaftlichen Beiträge: Prof. Dr. Christian Ahrens] 028C $7124943888 $8Ahrens, Christian$Z1943- [Tp1] $9114119139 029F $#Musikinstrumentenmesse, Herne 2005 30 $#Tage Alter Musik, Herne 2005 $710137237-1 $8Tage Alter Musik$gWestdeutscher Rundfunk Köln$n30$d2005$cHerne [Tf1] $9178291102 029F $RHerne $#Kulturamt Herne $#Kulturamt der Stadt Herne $72003330-8 $8Herne$bKulturamt [Tb1] $9042599210 033A $pKöln $nWDR 034D $a94 Seiten 034M $aIllustrationen 044K $#Musikinstrumentenmesse, Herne 2005 30 $#Tage Alter Musik, Herne 2005 $710137237-1 $8Tage Alter Musik$gWestdeutscher Rundfunk Köln$n30$d2005$cHerne [Tf1] $9178291102 044K $RBlasinstrument $#Woodwind instruments $#Bois (instruments de musique) $#Legni $#Instrumentos de viento madera $74131177-2 $8Holzblasinstrument [Ts1] $9085466905 044K $RBlasinstrument $#Brass instruments $#Cuivres (instruments de musique) $#Ottoni$#Instrumentos de viento metal $#Metallblasinstrument $74135632-9 $8Blechblasinstrument [Ts1] $9085501182 044K $RRohrblattinstrument $#Clarinet $#Clarinette $#Clarinetti $#Clarinete $#Klar $#cl $74030938-1 $8Klarinette [Ts1] $9085082007 045F $a780.94 $eDDC23BSB 045F/01 $a780 045F/03 $g4 lok: 17874738 3 101B $029-01-07 $t08:12:33.000 101C $029-01-07 101U $0utf8 145S/01 $a029 exp: 17874738 3 1 #EPN 201B/01 $029-01-07 $t08:13:40.000 201C/01 $029-01-07 201U/01 $0utf8 203@/01 $0500374562 208@/01 $a29-01-07 $bzAa 209A/01 $aQ 88.243.54 $du $f000 $hQ 88 243 54 $x00 209G/01 $a88243544 $x00 247C/01 $8601000-3 <30>Frankfurt, Universitätsbibliothek J. C. Senckenberg, Zentralbibliothek (ZB) $9102598258 lok: 17874738 24 101B $004-07-06 $t11:41:14.000 101C $004-07-06 145Z/01 $a1 9 H 101U $0utf8 exp: 17874738 24 1 #EPN 201B/01 $004-07-06 $t11:41:14.000 201C/01 $013-06-06 203@/01 $0406941971 208@/01 $a04-07-06 $bz 209A/01 $a06.2900 $du $f050 $h06 2900 $x00 209C/01 $a06.2900 T $h06 2900 T 209G/01 $a70814765 $x00 220C/01 $ahae/war 247C/01 $8358050-7 Marburg, Bibliothek des Herder-Instituts Marburg $9102600961 201U/01 $0utf8
| LEADER | 00000cam a2200000 c 4500 | ||
|---|---|---|---|
| 001 | 178747386 | ||
| 003 | DE-603 | ||
| 005 | 20240429164724.0 | ||
| 007 | tu | ||
| 008 | 060613s2006 xx |||| | u10||u|ger c | ||
| 020 | |a 3980700860 | ||
| 035 | |a (DE-599)HEB178747386 | ||
| 035 | |a (OCoLC)179931251 | ||
| 040 | |a DE-603 |b ger |c DE-603 |d DE-603 | ||
| 041 | |a ger | ||
| 082 | 0 | 4 | |8 1\u |a 780.94 |q DE-101 |2 23/BSB |
| 085 | |8 1\u |b 780 | ||
| 085 | |8 1\u |z 2 |s 4 | ||
| 245 | 0 | 0 | |a Holz- und Blechblasinstrumente: Kopien und Nachbauten |b Musikinstrumenten-Messe der Stadt Herne ; Instrumente in- und ausländischer Werkstätten, Bücher, Noten, Schallplatten, vom 11. bis 13. November 2005 ; Grenzgänge in der Musik vom Mittelalter bis zum 21. Jahrhundert ; Konzertreihe des Westdeutschen Rundfunks Köln vom 9. bis 13. November 2005 im Kulturzentrum in der Akademie Mont-Cenis in den Flottmann-Hallen und in der Kreuzkirche ; Kulturpolitisches Forum WDR 3 ; Alte und Neue Ufer in der Neuen und Alten Musik im Westfälischen Museum für Archäologie ; 30. Tage Alter Musik in Herne |c [Herausgeber: Stadt Herne - Fachbereich Kultur, Der Oberbürgermeister, Red. Fachbereich Kultur. Red. der wissenschaftlichen Beiträge: Prof. Dr. Christian Ahrens] |
| 264 | 1 | |a Köln |b WDR |c [ca. 2006] | |
| 300 | |a 94 Seiten |b Illustrationen | ||
| 336 | |a Text |b txt |2 rdacontent | ||
| 336 | |a unbewegtes Bild |b sti |2 rdacontent | ||
| 337 | |a ohne Hilfsmittel zu benutzen |b n |2 rdamedia | ||
| 338 | |a Band |b nc |2 rdacarrier | ||
| 611 | 2 | 7 | |a Tage Alter Musik |g Westdeutscher Rundfunk Köln |n 30 |d 2005 |c Herne |2 gnd |0 (DE-588)10137237-1 |0 (DE-603)178291102 |
| 650 | 7 | |a Holzblasinstrument |0 (DE-588)4131177-2 |0 (DE-603)085466905 |2 gnd | |
| 650 | 7 | |a Blechblasinstrument |0 (DE-588)4135632-9 |0 (DE-603)085501182 |2 gnd | |
| 650 | 7 | |a Klarinette |0 (DE-588)4030938-1 |0 (DE-603)085082007 |2 gnd | |
| 655 | 7 | |a Konferenzschrift |y 2005 |z Herne |2 gnd-content |0 (DE-588)1071861417 |0 (DE-603)359646190 | |
| 700 | 1 | |a Ahrens, Christian |d 1943- |0 (DE-603)114119139 |0 (DE-588)124943888 |2 gnd | |
| 710 | 1 | |a Herne |b Kulturamt |0 (DE-603)042599210 |0 (DE-588)2003330-8 |2 gnd | |
| 711 | 2 | |a Tage Alter Musik |g Westdeutscher Rundfunk Köln |n 30 |d 2005 |c Herne |0 (DE-603)178291102 |0 (DE-588)10137237-1 |2 gnd | |
| 924 | 0 | |9 30 |a (DE-603)500374562 |b DE-30 |c HES |d c |g Q 88.243.54 | |
| 924 | 0 | |9 Mb 50 |a (DE-603)406941971 |b DE-Mb50 |c HES |d c |g 06.2900 | |


